Normal view
MARC view
Entry Personal Name
001 - CONTROL NUMBER
- control field: 1239596
003 - CONTROL NUMBER IDENTIFIER
- control field: OSt
005 - DATE AND TIME OF LATEST TRANSACTION
- control field: 20260514122553.0
008 - FIXED-LENGTH DATA ELEMENTS
- fixed length control field: 260514|| aca||aabn | a|a d
040 ## - CATALOGING SOURCE
- Original cataloging agency: OSt
- Transcribing agency: OSt
100 ## - HEADING--PERSONAL NAME
- Personal name: Dr.Lavlesh Kumar
670 ## - SOURCE DATA FOUND
- Source citation: Work cat.: (OSt)1851504: Dr.Lavlesh Kumar , Clinicla Study of Anterior Encephaloceles and its Surgical Outcome.
